Statistics for Country Tripoints by Initials #2

Click here to take the quiz!

General Stats

  • This quiz has been taken 41 times
  • The average score is 13 of 15

Answer Stats

Country % Correct
Oman
100%
Hungary
94%
Saudi Arabia
94%
Ukraine
91%
Romania
91%
Turkey
88%
United Arab Emirates
88%
Eritrea
88%
Ethiopia
88%
Sudan
85%
Greece
82%
Macedonia
82%
Armenia
82%
Georgia
82%
Albania
76%

Score Distribution

Percentile by Number Answered

Percent of People with Each Score

Your Score History

You have not taken this quiz